LEADER 01197nam a2200253 i 4500 001 000000255900 003 CaOOAMICUS 005 20171120000000.0 008 171120s2014 it u000 u fre u 013 $a234808 020 $a978-2-89688-064-5 040 $aSeMil$bita 100 1 $aPelchat, Marc .$0(OLS)http://semarc/name/23624 245 13$aLa formation presbytérale aujourd'hui /$cChaire de théologie Monseigneur-de-Laval ; sous la direction de Marc Pelchat. 260 $a[Canada] :$bNovalis,$c2014. 300 $a340 p. ;$c23 cm. 500 $aTextes présentés lors d'un colloque international organisé par la Chaire de théologie Monseigneur-de-Laval et tenu à l'Université Laval du 2 au 5 juin 2013. 650 4$aPresbiteri - Formazione.$0(OLS)http://semarc/subject/12217 850 $aSeMil 852 $aSeMil$W1$xVenegono$y1$m3G IV 120$j206246$B206246$CSeMilBibl$Z2$F220044 $81 961 $aOmaggio: Bressan don Luca 996 $6020$a978-2-89688-064-5$9(OLS)http://semarc/number/280012 996 $6245$aLa formation presbytérale aujourd'hui$9(OLS)http://semarc/title/411955 996 $6260$a[Canada] :$bNovalis$9(OLS)http://semarc/publisher/47069 LEADER 01239nam a2200265 i 4500 001 000000207778 003 CaOOAMICUS 005 20111105000000.0 008 111105s1975 it u000 u ita u 013 $a186561 040 $aSeMil$bita 100 1 $aCrocker, Lester G.$0(OLS)http://semarc/name/74573 240 13$aAn age of crisis. Man and world in eighteenth century French thought.$0(OLS)http://semarc/title/300442 245 13$aUn'età di crisi :$buomo e mondo nel pensiero francese del Settecento /$cLester G. Crocker. 260 $aBologna :$bIl Mulino,$ccopyr. 1975. 300 $a622 p. ;$c22 cm. 490 0 $aCollezione di testi e di studi. Storiografia 500 $aContiene : Bibliografia. 650 4$aFrancia - Storia - Sec. 18.$0(OLS)http://semarc/subject/1089 650 4$aIlluminismo.$0(OLS)http://semarc/subject/311 830 0$aCollezione di testi e di studi. Storiografia.$0(OLS)http://semarc/title/8520 850 $aSeMil 852 $aSeMil$W1$xVenegono$y1$m3U IV 270$j158237$B158237$CSeMilBibl$Z2$F169456 $81 996 $6245$aUn'età di crisi :$buomo e mondo nel pensiero francese del Settecento$9(OLS)http://semarc/title/300441 996 $6260$aBologna :$bIl Mulino$9(OLS)http://semarc/publisher/29842